00990 2200325 4500001002100000005001500021035002000036007000300056040001700059100002900076245010600105250001200211300003800223020001800261041000800279082001000287084001600297090002300313264003900336336002100375337003000396338002300426650001000449850001000459008004100469700004900510700005500559504002800614990002200642INLIS00000000000667320260411094923 a0010-0622000008ta aSBPUPADbind0 aLiek WilardjoePengarang1 aKamus Fisika :bBahang Dan Termodinamika /cLiek Wilardjo ;Herman C.Yohannes,Sumartono Prawirosusanto a.-Cet.4 aviii, 165 hal. :billus. ;c21 cm a979-407-208-70 aind a530.3 a530.3 LIE k a297.114 HIS e L4-3 a.--Jakarta :bBalai Pustaka,c2000 2rdacontentaTeks 2rdamediaaTanpa Perantara 2rdacarrieravolume 4akamus aPUPAD260411 0 0 aPengarang Ke-2,Herman C. YohannesePengarang0 aPengarang Ke-3,Sumartono PrawirosusantoePengarang aBibliografi,Hlm 127-128 a1896/h/arpus/2007